{"text_format":"3","workbook":"xlsx","n_sheets":3,"sheets":["Sheet1","Sheet2","Sheet3"],"not_rendered":{"images":8},"read":"whole","date_system":"1900"}

{"sheet":"Sheet1","index":0,"n_rows":36,"n_cols":7,"rows_kept":36,"merged":[[0,1,0,5]]}
[null,"医院洗洁用品清单"]
["序 号","物料名称","规格（参考图片）","单位","预估使用量","单价最高限价","合计"]
[{"$f":"ROW(A1)","v":1},"小毛巾","34*34mm","条",760,5,{"$f":"PRODUCT(E3*F3)","v":3800}]
[2,"卫生纸",{"$f":"_xlfn.DISPIMG(\"ID_CC2F06595000426CBDD29F5E661495C0\",1)","v":"=DISPIMG(\"ID_CC2F06595000426CBDD29F5E661495C0\",1)"},"包",750,2,1500]
[3,"纸杯","240ml","个",7900,0.06,474]
[4,"扫把","450*280*530mm","把",120,5.17,620.4]
[5,"洗衣粉","20包/件","包",1500,2.65,3975]
[6,"垃圾桶","505*427*342mm","个",20,95,1900]
[7,"灭害灵",null,"瓶",10,10,100]
[8,"清洁手套",{"$f":"_xlfn.DISPIMG(\"ID_301FB49BB6AB467E9D88411800A345E3\",1)","v":"=DISPIMG(\"ID_301FB49BB6AB467E9D88411800A345E3\",1)"},"包",800,4.7,3760]
[9,"纸巾",{"$f":"_xlfn.DISPIMG(\"ID_D9C2CEDBB34E40BD97BE1DB00E78B739\",1)","v":"=DISPIMG(\"ID_D9C2CEDBB34E40BD97BE1DB00E78B739\",1)"},"盒",600,3.5,2100]
[10,"竹筷","10双/包",null,10,6,60]
[11,"塑料袋",{"$f":"_xlfn.DISPIMG(\"ID_DFF9E9D10FCC4568ABFFE626D1F9318D\",1)","v":"=DISPIMG(\"ID_DFF9E9D10FCC4568ABFFE626D1F9318D\",1)"},"条",1300,5.5,7150]
[12,"毛巾","75*34mm","条",320,10,3200]
[13,"小雕皂",{"$f":"_xlfn.DISPIMG(\"ID_FA764A785F044E028878DA8C42385658\",1)","v":"=DISPIMG(\"ID_FA764A785F044E028878DA8C42385658\",1)"},"条",1250,3,3750]
[14,"塑料盆","34*34mm","个",10,6,60]
[15,"不锈钢大碗","18cm","个",120,16,1920]
[16,"喷壶",{"$f":"_xlfn.DISPIMG(\"ID_8A05F787908D4748A0C17B8742C23B26\",1)","v":"=DISPIMG(\"ID_8A05F787908D4748A0C17B8742C23B26\",1)"},"个",10,18,180]
[17,"塑料长刷",null,"把",20,5,{"$f":"PRODUCT(E19*F19)","v":100}]
[18,"去污粉","500g","袋",30,1.5,45]
[19,"拖把",{"$f":"_xlfn.DISPIMG(\"ID_3C844FDD402A4838AE8E8F838D184321\",1)","v":"=DISPIMG(\"ID_3C844FDD402A4838AE8E8F838D184321\",1)"},"把",250,15,3750]
[{"$f":"ROW(A20)","v":20},"字纸箩",{"$f":"_xlfn.DISPIMG(\"ID_AF7913C10B274EB88B2D602085C9FB1C\",1)","v":"=DISPIMG(\"ID_AF7913C10B274EB88B2D602085C9FB1C\",1)"},"个",120,5,600]
[21,"塑料小桶","23*20mm","个",20,4.9,98]
[22,"测压式双桶榨水车",{"$f":"_xlfn.DISPIMG(\"ID_53057405A2C045C49AA443CFFCE1616E\",1)","v":"=DISPIMG(\"ID_53057405A2C045C49AA443CFFCE1616E\",1)"},"个",1,250,250]
[23,"洗洁精","立白 408g","瓶",950,4,3800]
[24,"塑料撮箕",{"$f":"_xlfn.DISPIMG(\"ID_92E347F732A849D2A9B9C6B3E99283A0\",1)","v":"=DISPIMG(\"ID_92E347F732A849D2A9B9C6B3E99283A0\",1)"},"把",50,5.5,275]
[25,"春城皂",{"$f":"_xlfn.DISPIMG(\"ID_BC08E77D8F3843FD95F0FAF0B1416C92\",1)","v":"=DISPIMG(\"ID_BC08E77D8F3843FD95F0FAF0B1416C92\",1)"},"条",300,4,1200]
[26,"两轮移动垃圾桶","100L","个",20,178,3560]
[27,"塑料方筛","32*42mm",null,10,9,90]
[28,"塑料中桶","30*18mm",null,100,15,1500]
[29,"清洁球",null,"个",850,1,850]
[30,"草酸","500L","瓶",300,1.5,450]
[31,"凤尾扫把",null,"把",20,9.5,190]
[33,"痰盂刷",null,"把",50,4.5,225]
[33,"大盆","∅35mm","个",5,5.3,26.5]
["合计",{"$nulls":5},{"$f":"SUM(G3:G35)","v":51558.9}]

{"sheet":"Sheet2","index":1,"n_rows":0,"n_cols":0,"rows_kept":0}

{"sheet":"Sheet3","index":2,"n_rows":0,"n_cols":0,"rows_kept":0}